| 000 | 02003nam0a2200349 4500 | ||
|---|---|---|---|
| 001 | RU\NLR\BIBL_A\012633209 | ||
| 005 | 20221216163058.0 | ||
| 010 |
_a978-5-94178-728-9 _9100 |
||
| 021 |
_aRU _bКН-П-21-039273 _9КН-П-21-3072 |
||
| 035 | _a(NLR Aleph) 012633209 | ||
| 090 |
_a12673258 _c12673258 |
||
| 100 | _a20211027d2021 u y0rusy50 ca | ||
| 101 | 0 | _arus | |
| 102 | _aRU | ||
| 105 | _aa z 000zy | ||
| 181 | 0 |
_ai _baxxe |
|
| 182 | 0 | _an | |
| 200 | 1 |
_aТехника высоких напряжений _iИзоляция электрических установок высокого напряжения _eучебник по направлениям подготовки "Электро- и теплоэнергетика" _fА. С. Серебряков, В. Л. Осокин, Д. А. Семенов, М. С. Жужин _gпод общей редакцией доктора технических наук, профессора А. С. Серебрякова |
|
| 203 |
_aТекст _bвизуальный _cнепосредственный |
||
| 210 |
_aСтарый Оскол _cТНТ _d2021 |
||
| 215 |
_a446, [2] с. _cил. _d21 |
||
| 606 | 1 |
_aЭлектрические установки высокого напряжения _jУчебники для высших учебных заведений _xИзоляция _91319522 _3RU\NLR\AUTH\66232086 |
|
| 686 | 1 | _aЗ241я73-1 | |
| 701 | 1 |
_7ca _8rus _aСеребряков _bА. С. _cд-р техн. наук _gАлександр Сергеевич _9186216 _3RU\NLR\AUTH\770186267 |
|
| 701 | 1 |
_aОсокин _bВ. Л. _gВладимир Леонидович |
|
| 701 | 1 |
_aСеменов _bД. А. _cканд. техн. наук, электроэнергетика _gДмитрий Александрович _9127282 _3RU\NLR\AUTH\770127306 |
|
| 701 | 1 |
_aЖужин _bМ. С. _gМаксим Сергеевич |
|
| 942 | _cBOOK | ||
| 980 | _aNB | ||